LEADER 00864nam0-2200325---450- 001 990008416690403321 005 20110913151812.0 010 $a0-300-10680-7 035 $a000841669 035 $aFED01000841669 035 $a(Aleph)000841669FED01 035 $a000841669 100 $a20061110d2005----km-y0itay50------ba 101 0 $aeng 102 $aUS 105 $aa-------001yy 200 1 $aRealist vision$fPeter Brooks 210 $aNew Haven$cYale University Press$dc2005 215 $a255 p.$cill.$d25 cm 610 0 $aRealismo in letteratura 676 $a809.912 700 1$aBrooks,$bPeter$0184498 801 0$aIT$bUNINA$c20061110$gRICA$2UNIMARC 901 $aBK 912 $a990008416690403321 952 $a809.912 BRO 1$fFLFBC 952 $a809.912 BRO 1BIS$fFLFBC 959 $aFLFBC 996 $aRealist vision$9725814 997 $aUNINA LEADER 01535nam 2200529Ia 450 001 9910450738303321 005 20200520144314.0 010 $a1-280-70543-4 010 $a9786610705436 010 $a1-84663-161-0 035 $a(CKB)1000000000337387 035 $a(SSID)ssj0000465572 035 $a(PQKBManifestationID)11294832 035 $a(PQKBTitleCode)TC0000465572 035 $a(PQKBWorkID)10440146 035 $a(PQKB)11657330 035 $a(MiAaPQ)EBC275462 035 $a(Au-PeEL)EBL275462 035 $a(CaPaEBR)ebr10146660 035 $a(CaONFJC)MIL70543 035 $a(OCoLC)935261707 035 $a(EXLCZ)991000000000337387 100 $a20000815d2006 uy 0 101 0 $aeng 135 $aurcn||||||||| 181 $ctxt 182 $cc 183 $acr 200 00$aAdvances in e-democracy$b[electronic resource] $eengaging citizens and electorates online /$fguest editor: Barrie Gunter 210 $aBradford, England $cEmerald Group Publishing$dc2006 215 $a106 p 225 0 $aAslib Proceedings ;$v58, no. 5 300 $aBibliographic Level Mode of Issuance: Monograph 311 $a1-84663-160-2 606 $aElections 606 $aInternet voting 608 $aElectronic books. 615 0$aElections. 615 0$aInternet voting. 701 $aGunter$b Barrie$0115802 801 0$bMiAaPQ 801 1$bMiAaPQ 801 2$bMiAaPQ 906 $aBOOK 912 $a9910450738303321 996 $aAdvances in e-democracy$92193557 997 $aUNINA